На стапелях под огнем: сборник воспоминаний и очерков

Bibliografiske detaljer
Andre forfattere: Боголюбов С. А. (составитель)
Sprog:russisk
Udgivet: Ленинград, Лениздат, 1986
Fag:
Format: Bog
KOHA link:https://koha.lib.tpu.ru/cgi-bin/koha/opac-detail.pl?biblionumber=267809

MARC

LEADER 00000nam0a2200000 4500
001 267809
005 20241126063152.0
020 |a RU  |b 86-100239 
035 |a (RuTPU)RU\TPU\book\290896 
090 |a 267809 
100 |a 20140807d1986 m y0rusy5003 ca 
101 0 |a rus 
102 |a RU 
105 |a c z 000zy 
200 1 |a На стапелях под огнем  |e сборник воспоминаний и очерков  |f сост. С. А. Боголюбов 
210 |a Ленинград  |c Лениздат  |d 1986 
215 |a 384 с.  |c портр. 
606 |a Россия  |x История  |7 ca  |8 rus  |2 stltpush  |3 (RuTPU)RU\TPU\subj\64777  |9 81526 
610 1 |a судостроительные предприятия 
610 1 |a оборона 
610 1 |a Ленинград 
610 1 |a история 
610 1 |a Великая Отечественная война 1941-1945 
686 |a Т3(2)722.72  |2 rubbk 
702 1 |a Боголюбов  |b С. А.  |4 220 
801 0 |a RU  |b RuMRKP  |c 19950417  |g psbo 
801 1 |a RU  |b 63413507  |c 20140807 
801 2 |a RU  |b 63413507  |c 20160913  |g RCR 
942 |c BK